000
00314nam a22001337a 4500
008
181003b xxu||||| |||| 00| 0 eng d
020
_a
2901593081002
041
_a
eng
080
_a
321
100
_a
24
101
_a
POL
245
_a
The Comunist Manifesto And Other Writings
_c
Marx,K
942
_2
udc
_c
BK
999
_c
48808
_d
48808